Datum a čas kvízu
25
Celkem bodů
Celkový počet nahraných bodů na tomto kvízu bez doplňovacích otázek.
7.
Pořadí na kvízu
Konečné umístění týmu na tomto kvízu.
Zaznamenané odpovědi
| # | Otázka | Odpověď | Body | Výsledky |
|---|---|---|---|---|
| 1. | Minulý týden vydalo české vývo... | Kingdom Come (Deliverance II) | 1 | |
| 2. | Český řidič kamionu v pondělí... | B) do běžkařské stopy | 0 | |
| 3. | Jeden americký umělec obdržel... | Kendrick Lamar | 1 | |
| 4. | Jedna japonská automobilka ve... | Nissan, Honda | 0 | |
| 5. | Tento osmnáctiletý český rychl... | Metoděj Jílek | 1 | |
| 6. | Kterým podstatným jménem se oz... | bakteriofágy/fágy | 1 | |
| 7. | Který zvířecí přívlastek získa... | prasečí | 1 | |
| 8. | Přiřaďte viry k onemocněním, k... | 1D 2A 3C 4B | 1 | |
| 9. | Viry mají svou genetickou info... | U (uracil) | 1 | |
| 10. | V oblíbené ptačí rezervaci z n... | Pandemie | 0 |